000 00544nam a2200133Ia 4500
005 20260209120145.0
008 260209s9999||||xx |||||||||||||| ||und||
100 _aSahil Mathur
245 0 _aDevelopments in the insolvency and bankruptcy code, 2016 with respect to moratorium : why is there a constant need to fill in the leaks?
260 _aBangaloreBangalore
_bNLSIU, Bangalore
_c2021
300 _a53 p. ; 25 cm.
700 _aProf. O.V Nandimath - GuideProf. O.V Nandimath - Guide
856 _uhttps://dans.nls.ac.in/handle/123456789/915
999 _c217516
_d217516